| 000 | 00524nam a2200157 a 4500 | ||
|---|---|---|---|
| 001 | 000025995 | ||
| 005 | 20200930024220.0 | ||
| 008 | 110225s1974 dr 000 0 spa d | ||
| 040 |
_aDO-SdBNP _bspa _cBNPHU |
||
| 082 |
_axxxx _bA795 |
||
| 100 | 1 |
_aArvelo, Alejandro _9147 |
|
| 245 | 1 | 3 |
_aEl pensamiento filosófico de Juan Isidro Jimenez Grullón. / _cAlejandro Arvelo. |
| 260 |
_a[Santo Domingo : _bs. n., _c19--.]. |
||
| 300 |
_a443 p. ; _c29 cm. |
||
| 504 | _aIncluye referencias bibliográficas y notas al pie de la páginas | ||
| 999 |
_c25487 _d25487 |
||